Riadenie udalostného systému s využitím PLC a desktopovej aplikácie

Saved in:
Bibliographic Details
Main Author: Semko, Miroslav (Author)
Other Authors: Kučera, Erik (Thesis advisor)
Format: Manuscript Book
Language:Slovak
Published: 2025
Subjects:
Online Access:http://is.stuba.sk/zp/portal_zp.pl?podrobnosti=184465
Tags: Add Tag
No Tags, Be the first to tag this record!

MARC

LEADER 00000ntm a22000003a 4500
001 stuzp102335
003 SK-STU
005 20250614211200.3
007 ta
008 150427s2015----xo-----f-mn---000-0-slo-d
040 |a STU  |b slo 
041 0 |a slo 
100 1 |a Semko, Miroslav  |u 030400  |4 aut  |U FEI Fakulta elektrotechniky a informatiky  |T FEI Ústav automobilovej mechatroniky  |X 111436  |U E400  |Y 642  |7 111436 
242 0 1 |a Control of discrete-event system using PLC and desktop application  |y eng 
245 1 0 |a Riadenie udalostného systému s využitím PLC a desktopovej aplikácie 
260 |c 2025 
650 4 |a ElectronJS  |2 eng 
650 4 |a desktop application  |2 eng 
650 4 |a PLC  |2 eng 
650 4 |a OPC UA  |2 eng 
650 4 |a FactoryIO  |2 eng 
650 4 |a OPC UA  |2 slo 
650 4 |a PLC  |2 slo 
650 4 |a FactoryIO  |2 slo 
650 4 |a ElectronJS  |2 slo 
650 4 |a desktopová aplikácia  |2 slo 
700 1 |a Kučera, Erik  |u 030400  |k Z1  |4 ths  |U FEI Fakulta elektrotechniky a informatiky  |T FEI Ústav automobilovej mechatroniky  |X 55901  |U E400  |Y 642  |7 A000055901 
856 4 |u http://is.stuba.sk/zp/portal_zp.pl?podrobnosti=184465